000 00682cam a2200241 4500
001 sa 68012039
003 DLC
005 20260227112606.0
008 691107s1968 ii b 00000 eng
010 _asa 68012039 //r902
025 _aPL480:I-E-10014
040 _aDLC
_cDLC
_dDLC
050 0 0 _aJN9670
_b.S5
082 0 0 _a320/.09437
100 1 0 _aSharan, Parmatma,
_d1916-
245 1 0 _aPolitical system of Yugoslavia.
260 0 _aMeerut,
_bMeenakshi Prakashan
_c[1968]
300 _aviii, 199 p.
_c23 cm.
350 _a16.00
440 0 _aModern political systems series
504 _aBibliography: p. [197]
651 0 _aYugoslavia
_xPolitics and government
_y1945-1980.
999 _c84266
_d84266